| 000 | 00629nam a2200193 a 4500 | ||
|---|---|---|---|
| 005 | 20250620063842.0 | ||
| 008 | 050117s2004 mx r 000 0 spa d | ||
| 020 |
_a9703101887 (UAMIztapalapa) _a9707222425 (Plaza y Valdés) |
||
| 035 | _aUPN01000137347 | ||
| 049 | _aCG | ||
| 050 | 4 |
_aJZ1320 _bB4.7 |
|
| 100 | 1 | _aBesserer, Federico | |
| 245 | 1 | 0 |
_aTopografías transnacionales : _bhacia una geografía de la vida transnacional / _cFederico Besserer. |
| 260 |
_aMéxico : _bUAM-Iztapalapa : _bPlaza y Valdés, _c2004. |
||
| 300 |
_a125 p. : _bil. col. |
||
| 440 | 0 | _aCSH | |
| 650 | 2 |
_aTransnacionalismo _918085 |
|
| 905 | _aLibro | ||
| 999 |
_c109498 _d109498 |
||